Szczegóły MARC21

Louis Aragon /

003 -Nazwa inst., której nr kontr. jest w polu 001 [,]
    • @
    • Nazwa instytucji, której n kontrolny jest w polu 001
    • NUKAT
005 -DATA I CZAS OSTATNIEJ MODYFIKACJI [,]
    • @
    • pole kontrolne
    • 20241231115705.0
020 -Międzynarod. znormalizowany nr książki - ISBN [ , ]
    • a
    • Numer ISBN
    • 2911127463 Find
040 -Instytucja sporządzająca opis [ , ]
    • a
    • Instytucja, która sporządziła opis (NP)
    • LUBL KUL/IM
    • c
    • Instytucja, która sporządziła rekord (NP)
    • LUBL KUL/IM
    • d
    • Instytucja, która zmodyfikowała rekord (P)
    • LUBL KUL/MC
    • d
    • Instytucja, która zmodyfikowała rekord (P)
    • LUBL U/ABs
942 -Rodzaj dokumentu [ , ]
    • c
    • Rodzaj dokumentu
    • Książka
100 -Hasło główne - nazwa osobowa [1, ]
    • a
    • Nazwa osobowa (NP)
    • Olivera, Philippe.
    • 9
    • KHW
    • 647169
245 -Strefa tytułu i oznaczenia odpowiedzialności [1,0]
    • a
    • Tytuł
    • Louis Aragon / Find
    • c
    • Pozostałe elementy strefy tytułu i oznaczenia odpowiedzialności (NP)
    • Philippe Olivera.
260 -Strefa adresu wydawniczego [ , ]
    • a
    • Miejsce wydania (P)
    • Paris :
    • b
    • Nazwa wydawcy (P)
    • Ministère des Affaires Étrangères-ADPF,
    • c
    • Data wydania (P)
    • 1997.
300 -Strefa opisu fizycznego [ , ]
    • a
    • Określenie formy książki i/lub objętość (NP)
    • 75 s. :
    • b
    • Oznaczenie ilustracji (NP)
    • fot., portr. ;
    • c
    • Format (NP)
    • 25 cm.
336 -Typ zawartości [ , ]
    • a
    • Termin opisujący typ zawartości
    • Tekst
    • b
    • Kod określający zawartość
    • txt
    • 2
    • Źródło (terminu i kodu)
    • rdacontent
337 -Typ mediów [ , ]
    • a
    • Tryb odtwarzania
    • Bez urządzenia pośredniczącego
    • b
    • Kod typu mediów
    • n
    • 2
    • Źródło (terminu i kodu)
    • rdamedia
338 -Typ/rodzaj nośnika [ , ]
    • a
    • Hasło opisujące typ nośnika
    • Wolumin
    • b
    • Kod typu nośnika
    • nc
    • 2
    • Źródło (terminu i kodu)
    • rdacarrier
504 -Uwaga dot. bibliogr. załącznikowej [ , ]
    • a
    • Uwaga dot. bibliografii załącznikowej
    • Bibliographie s. 72-75.
080 -Uniwersalna Klasyfikacja Dziesiętna [ , ]
    • a
    • Symbol klasyfikacji
    • 840(091)"19"Aragon L.
080 -Uniwersalna Klasyfikacja Dziesiętna [ , ]
    • a
    • Symbol klasyfikacji
    • :929"19"Aragon L.
600 -Hasło przedmiotowe w formie nazwy osobowej [1,7]
    • a
    • Nazwa osobowa
    • Aragon, Louis
    • d
    • Daty związane z nazwą
    • (1897-1982)
    • v
    • Określnik formalny
    • biografie
    • v
    • Określnik formalny
    • katalogi wystaw.
    • 2
    • Źródło terminu
    • kaba
    • 9
    • KHW
    • 647289
600 -Hasło przedmiotowe w formie nazwy osobowej [1,7]
    • a
    • Nazwa osobowa
    • Aragon, Louis
    • d
    • Daty związane z nazwą
    • (1897-1982)
    • x
    • Określnik rzeczowy
    • działalność polityczna
    • v
    • Określnik formalny
    • katalogi wystaw.
    • 2
    • Źródło terminu
    • kaba
    • 9
    • KHW
    • 647290
980 -Symbol UKD [ , ]
    • a
    • UKD
    • 840(091)"19":929"19"]Aragon L.
920 -ISBN [ , ]
    • a
    • ISBN
    • 2-911127-46-3 Find
Numer inwentarzowy Status udost. Data inwentaryzacji Lokalizacja Sygnatura
A.590612000-10-16BMFR. Lit. franc. XX-XXI w. 38
A.5907-32000-10-16BM 
A.7406-32006-02-28BM